লোডিং...

Women empowerment and microfinance

গ্রন্থ-পঞ্জীর বিবরন
প্রধান লেখক: Dr.Puspita Das
প্রকাশিত: Biotech 2014
LEADER 00189 a2200085 4500
100 |a Dr.Puspita Das 
245 |a Women empowerment and microfinance 
260 |c 2014  |b Biotech 
942 |c BK  |6 _ 
999 |c 70899  |d 70899